Piae, et foelici memoriae Ludovici Hispaniarum gloriosissimi, ac desiderati regis et domini nostri funebris laudatio consecrata

Detalles Bibliográficos
Autor principal: CASAS De LA MOTA Y FLORES, Lucas de las
Formato: Libro
Publicado: México 1725
Materias:
Colección:Banco de datos
Acervo:Biblioteca del Ex Convento de Nuestra Señora de Guadalupe. Zacatecas
Tema general:Homilética
Notas:Buena. XIII,5,20 (4513). Encuadernado con once obras más
LEADER 00806nam a22001930004500
035 |a 46483 
036 |a 7667 
100 1 |a CASAS De LA MOTA Y FLORES, Lucas de las 
245 1 0 |a Piae, et foelici memoriae Ludovici Hispaniarum gloriosissimi, ac desiderati regis et domini nostri funebris laudatio consecrata 
260 |a México  |b imp. José Bernardo de Hogal  |c 1725 
500 |a Buena. XIII,5,20 (4513). Encuadernado con once obras más 
650 1 0 |a Homilética 
949 |a CRZ-CG 
959 |a Ex convento de Nuestra Señora de Guadalupe, Museo Regional de Zacatecas, Zacatecas  |b CCC4 
960 |a Convento de Nuestra Señora de Guadalupe, Zacatecas  |b DD87 
961 |a Franciscana  |b OF 
942 |c CRZ-CG 
943 |g Biblioteca del Ex Convento de Nuestra Señora de Guadalupe. Zacatecas 
999 |c 970610  |d 970610